| 000 | 00887nam a22002415a 4500 | ||
|---|---|---|---|
| 005 | 20081017051548.0 | ||
| 008 | 081017s2008 ii | 00| 0 eng | ||
| 010 | _aENG-91555 | ||
| 020 |
_a9780195699210 _c645.00 |
||
| 020 | _a0195699211 | ||
| 035 | _aEN-75088 | ||
| 037 | _bDBAD / PUB | ||
| 040 |
_adpl _bEnglish |
||
| 082 | _a340.0917645 | ||
| 100 | _aMenski, Werner F. | ||
| 245 |
_aHindu Law; _cby Werner F. Menski _bbeyond tradition and modernity / |
||
| 260 |
_aNew Delhi _bOxford University Press _c2008 |
||
| 300 |
_axxii, 648 p. _c24cm (pbk) |
||
| 500 | _aIncludes bibliographical references and index | ||
| 650 | _aHindu law | ||
| 942 |
_2ddc _cEN _mMEN _h340.0917645 |
||
| 999 |
_c18154 _d18154 |
||